States and their Countries - Statistics

General Stats
  • This quiz has been taken 4 times
  • The average score is 87 of 202
Answer Stats
Hint Answer % Correct
Rio Negro Argentina
100%
Liaoning China
100%
Formosa Argentina
67%
Tucuman Argentina
67%
Jujuy Argentina
67%
Chubut Argentina
67%
Neuquen Argentina
67%
Misiones Argentina
67%
Cordoba Argentina
67%
Corrientes Argentina
67%
Tierra del Fuego Argentina
67%
La Rioja Argentina
67%
La Pampa Argentina
67%
Entre Rios Argentina
67%
Buenos Aires Argentina
67%
Bahia Brazil
67%
Rio Grande do Norte Brazil
67%
Mato Grosso do Sul Brazil
67%
Maranhao Brazil
67%
Mato Grosso Brazil
67%
Sao Paulo Brazil
67%
Amazonas Brazil
67%
Acre Brazil
67%
Tocantins Brazil
67%
Parana Brazil
67%
Para Brazil
67%
Rio de Janeiro Brazil
67%
Goias Brazil
67%
Rio Grande do Sul Brazil
67%
Minas Gerais Brazil
67%
Ningxia China
67%
Xinjiang China
67%
Xizang China
67%
Sichuan China
67%
Hubei China
67%
Jilin China
67%
Shaanxi China
67%
Taiwan China
67%
Guangdong China
67%
Zhejiang China
67%
Jiangsu China
67%
Hebei China
67%
Heilongjiang China
67%
Guangxi China
67%
Shanghai China
67%
Hong Kong China
67%
Jiangxi China
67%
Tianjin China
67%
Qinghai China
67%
Macau China
67%
Chongqing China
67%
Guizhou China
67%
Inner Mongolia China
67%
Shandong China
67%
Henan China
67%
Hainan China
67%
Shanxi China
67%
Hunan China
67%
Beijing China
67%
Norte de Santander Colombia
67%
Cauca Colombia
67%
Choco Colombia
67%
San Andres and Providencia Colombia
67%
Galapagos Ecuador
67%
Manipur India
67%
Kerala India
67%
Karnataka India
67%
Puducherry India
67%
Bihar India
67%
Nagaland India
67%
Haryana India
67%
Assam India
67%
Tamil Nadu India
67%
Maharashtra India
67%
Jharkhand India
67%
Andhra Pradesh India
67%
Jammu and Kashmir India
67%
Madhya Pradesh India
67%
Uttarakhand India
67%
Mizoram India
67%
Chhattisgarh India
67%
Delhi India
67%
Himachal Pradesh India
67%
Punjab India
67%
Gujarat India
67%
Lakshadweep India
67%
Andaman and Nicobar Islands India
67%
Meghalaya India
67%
West Bengal India
67%
Odisha India
67%
Chandigarh India
67%
Uttar Pradesh India
67%
Arunachal Pradesh India
67%
Rajastan India
67%
Sikkim India
67%
Goa India
67%
Ladakh India
67%
Catamarca Argentina
33%
Santa Fe Argentina
33%
San Luis Argentina
33%
Santiago del Estero Argentina
33%
Santa Cruz Argentina
33%
Chaco Argentina
33%
San Juan Argentina
33%
Salta Argentina
33%
Mendoza Argentina
33%
Santa Catarina Brazil
33%
Paraiba Brazil
33%
Piaui Brazil
33%
Alagoas Brazil
33%
Rondonia Brazil
33%
Distrito Federal Brazil
33%
Ceara Brazil
33%
Roraima Brazil
33%
Pernambuco Brazil
33%
Sergipe Brazil
33%
Espirito Santo Brazil
33%
Yunnan China
33%
Gansu China
33%
Anhui China
33%
Fujian China
33%
Cordoba Colombia
33%
Caqueta Colombia
33%
Risaralda Colombia
33%
Antioquia Colombia
33%
Vaupes Colombia
33%
Putumayo Colombia
33%
Vichada Colombia
33%
Capital District Colombia
33%
Nariño Colombia
33%
Cundinamarca Colombia
33%
Santander Colombia
33%
Meta Colombia
33%
Tolima Colombia
33%
Amazonas Colombia
33%
Magdalena Colombia
33%
Boyaca Colombia
33%
Cesar Colombia
33%
Arauca Colombia
33%
Huila Colombia
33%
Quindio Colombia
33%
Guainia Colombia
33%
Guaviare Colombia
33%
Sucre Colombia
33%
Caldas Colombia
33%
Atlantico Colombia
33%
Casanare Colombia
33%
Bolivar Colombia
33%
La Guajira Colombia
33%
Valle del Cauca Colombia
33%
Zamora Chinchipe Ecuador
33%
Sucumbios Ecuador
33%
Bolivar Ecuador
33%
Pastaza Ecuador
33%
Chimborazo Ecuador
33%
Dadra and Nagar Haveli and Daman and Diu India
33%
Tripura India
33%
Telangana India
33%
Barinas Venezuela
33%
Merida Venezuela
33%
Amazonas Venezuela
33%
Monagas Venezuela
33%
Amapa Brazil
0%
Santa Elena Ecuador
0%
Imbabura Ecuador
0%
Guayas Ecuador
0%
Napo Ecuador
0%
Esmeraldas Ecuador
0%
Carchi Ecuador
0%
Canar Ecuador
0%
Pichincha Ecuador
0%
Azuay Ecuador
0%
Tungurahua Ecuador
0%
Orellana Ecuador
0%
Los Rios Ecuador
0%
Morona Santiago Ecuador
0%
Santo Domingo de los Tsachilas Ecuador
0%
El Oro Ecuador
0%
Cotopaxi Ecuador
0%
Manabi Ecuador
0%
Loja Ecuador
0%
Anzoategui Venezuela
0%
Trujillo Venezuela
0%
Apure Venezuela
0%
Bolivar (Large) Venezuela
0%
La Guaira Venezuela
0%
Federal District Venezuela
0%
Sucre Venezuela
0%
Cojedes Venezuela
0%
Falcon Venezuela
0%
Tachira Venezuela
0%
Carabobo Venezuela
0%
Portuguesa Venezuela
0%
Miranda Venezuela
0%
Guarico Venezuela
0%
Aragua Venezuela
0%
Nueva Esparta Venezuela
0%
Federal Dependencies Venezuela
0%
Delta Amacuro Venezuela
0%
Yaracuy Venezuela
0%
Zulia Venezuela
0%
Lara Venezuela
0%
No matching quizzes found
Score Distribution
Percent of People with Each Score
Percentile by Number Answered
Your Score History
You have not taken this quiz